Anatomía Patológica / (Registro nro. 48)
[ vista simple ]
| 000 -LEADER | |
|---|---|
| fixed length control field | 00885 am a2200289 a 4500 |
| 005 - FECHA ULTIMA MODIFICACION | |
| control field | 20231207094015.0 |
| 008 - CAMPO DE CONTROL (LIBRO) | |
| fixed length control field | 100308s1997||||sp # f |||| 001 0 spa d |
| 020 ## - INTERNATIONAL STANDARD BOOK NUMBER | |
| ISBN | 8481741736 |
| 041 ## - CODIGO DE IDIOMA | |
| Código de idioma del texto/pista de sonido o título separado | spa |
| 092 ## - SIGNATURA TOPOGRAFICA DEWEY LOCAL | |
| número de clasificación | 616.07 |
| libristica | 65 |
| sección | PAR |
| 100 1# - ENTRADA PRINCIPAL--NOMBRE PERSONAL | |
| Nombre personal | Pardo Mindán, F. J. |
| Función | Dir. |
| 9 (RLIN) | 1542 |
| 245 ## - TITULO PROPIAMENTE DICHO | |
| Título | Anatomía Patológica / |
| Mención de responsabilidad y remanente de la transcripción de la portada | F.J. Pardo Mindán. |
| 250 ## - MENCION DE EDICION | |
| Mención de edición | 1a ed. |
| 260 ## - PIE DE IMPRENTA | |
| Lugar de publicación, distribución, etc | Madrid: |
| Nombre de la editorial, distribuidor, etc | Mosby; |
| Fecha de publicación | 1997. |
| 300 ## - DESCRIPCION FISICA | |
| Extension | 1353 p. |
| 500 ## - NOTA GENERAL | |
| Nota general | Pardo Mindán, F. J. (1997). Anatomía patológica. (1a ed.). Madrid : Mosby. |
| 653 ## - TÉRMINO INDIZADO - PALABRAS CLAVES | |
| Palabra clave | Métodos en patología |
| 653 ## - TÉRMINO INDIZADO - PALABRAS CLAVES | |
| Palabra clave | Patología molecular |
| 653 ## - TÉRMINO INDIZADO - PALABRAS CLAVES | |
| Palabra clave | Patología del metabolísmo |
| 653 ## - TÉRMINO INDIZADO - PALABRAS CLAVES | |
| Palabra clave | Patología Infantil |
| 653 ## - TÉRMINO INDIZADO - PALABRAS CLAVES | |
| Palabra clave | Patología ambiental |
| 653 ## - TÉRMINO INDIZADO - PALABRAS CLAVES | |
| Palabra clave | Patología del higado y vías biliares |
| 653 ## - TÉRMINO INDIZADO - PALABRAS CLAVES | |
| Palabra clave | Patología endócrina |
| 653 ## - TÉRMINO INDIZADO - PALABRAS CLAVES | |
| Palabra clave | Patología de la glándula mamaria |
| 930 ## - NUMERO DE INVENTARIO | |
| Número de inventario | 158 |
| 942 ## - ADDED ENTRY ELEMENTS (KOHA) | |
| Source of classification or shelving scheme | Dewey Decimal Classification |
| Item type | Libros |
| Estado de retiro | Existencia | Fuente de clasificación | Estado general | Uso restringido | No para prestamo | Colección | Ubicación permanente | ubicación actual | Sala de ubicación | Fecha de adquisición | Total Checkouts | Número de clasificación | Código de barras | Date last seen | Número de ejemplar | Price effective from | Koha tipo de elemento (item) | Public note | Coded location qualifier |
|---|---|---|---|---|---|---|---|---|---|---|---|---|---|---|---|---|---|---|---|
| Dewey Decimal Classification | Restricted Access | Not For Loan | Reference | Biblioteca Medicina | Biblioteca Medicina | Referencia | 13/05/2011 | 616.07 65 PAR | 158 | 06/11/2014 | ej.1 | 13/05/2011 | Reference | Baja 2017. LIBRO DE CONSULTA. (Caja 7) |